000 00358nam a2200157Ia 4500
003 Ost
005 20260225132559.0
008 260225s9999||||xx |||||||||||||| ||und||
040 _cfsic
041 _afre
082 _a305.23
100 _aMarie Semart
_eAuteur
245 0 _aLe bétisier la vie de quartier /
245 0 _cMarie Semart
942 _cكتاب
999 _c34659
_d34659